[Event "FRA-ch U20"]
[Site "Agen"]
[Date "2018.04.17"]
[Round "4"]
[White "Karapetian, Rouben"]
[Black "Ek, Alexandre"]
[Result "0-1"]
[WhiteElo "2026"]
[BlackElo "2222"]
[PlyCount "72"]
[EventDate "2018.04.15"]
[EventType "swiss"]
[EventRounds "9"]
[EventCountry "FRA"]
[SourceTitle "CBM 184 Extra"]
[Source "ChessBase"]
[SourceDate "2018.06.28"]
[SourceVersion "1"]
[SourceVersionDate "2018.06.28"]
[SourceQuality "1"]

1. d4 Nf6 2. Nf3 e6 3. c4 b6 4. Nc3 Bb4 5. e3 Ne4 6. Qc2 Bb7 7. Bd3 f5 8. 0-0 Bxc3 9. bxc3 0-0 10. Nd2 Nxd2 11. Bxd2 Nc6 12. e4 Qf6 13. exf5 exf5 14. c5 Kh8 15. cxb6 axb6 16. Bf4 d6 17. Rae1 Qf7 18. Re2 Ba6 19. Bxa6 Rxa6 20. Rfe1 h6 21. Bc1 Raa8 22. f3 Rae8 23. Kf2 Rxe2+ 24. Rxe2 Kg8 25. Qd3 Qd5 26. Qe3 Kf7 27. h4 Ra8 28. a3 Kg8 29. Qf4 Qf7 30. Qd2 Na5 31. d5 Nb3 32. Qc2 Nxc1 33. Qxc1 Qxd5 34. Qe3 Qf7 35. Qc1 Qc4 36. Qe3 Qxh4+ 0-1